| 000 | 00631nam a2200241 a 4500 | ||
|---|---|---|---|
| 001 | adlib96000001 | ||
| 003 | ViArRB | ||
| 005 | 200902210153555.7 | ||
| 008 | 960221s1955 dcuabcdjdbkoqu001 0deng d | ||
| 020 | _a | ||
| 022 | _a | ||
| 040 | _aAdlib | ||
| 082 | _a06.045(540) | ||
| 245 | _aCommittees and Commissions in India 1977 | ||
| 250 | _a | ||
| 260 |
_aNew Delhi _bConcept _c1977 |
||
| 300 |
_a _c |
||
| 500 | _a | ||
| 100 |
_aVirendra Kumar _eeditor |
||
| 700 |
_a _a |
||
| 942 | _cREF | ||
| 952 |
_w2010-06-16 _p00039917 _r2010-06-16 _40 _00 _bUL _10 _o06.045(540) VIR.15-2 _d2010-06-16 _70 _yREF _aUL |
||
| 999 |
_c36230 _d36229 |
||